Radiation therapy staffing model 2014 (pages 209–216) (Record no. 332753)
[ view plain ]
| 000 -LEADER | |
|---|---|
| fixed length control field | 00429nam a2200133Ia 4500 |
| 008 - FIXED-LENGTH DATA ELEMENTS--GENERAL INFORMATION | |
| fixed length control field | 170516s9999 xx 000 0 und d |
| 245 ## - TITLE STATEMENT | |
| Title | Radiation therapy staffing model 2014 (pages 209–216) |
| 260 ## - PUBLICATION, DISTRIBUTION, ETC. (IMPRINT) | |
| Name of publisher, distributor, etc | Journal of Medical Radiation Sciences |
| 260 ## - PUBLICATION, DISTRIBUTION, ETC. (IMPRINT) | |
| Date of publication, distribution, etc | 2016 |
| 300 ## - PHYSICAL DESCRIPTION | |
| Extent | 63:4 |
| 650 ## - SUBJECT ADDED ENTRY--TOPICAL TERM | |
| General subdivision | Radiologic Technology |
| 650 ## - SUBJECT ADDED ENTRY--TOPICAL TERM | |
| General subdivision | Radtech |
| 856 ## - ELECTRONIC LOCATION AND ACCESS | |
| Uniform Resource Identifier | <a href="http://onlinelibrary.wiley.com/doi/10.1002/jmrs.2016.63.issue-4/issuetoc">http://onlinelibrary.wiley.com/doi/10.1002/jmrs.2016.63.issue-4/issuetoc</a> |
| Withdrawn status | Lost status | Damaged status | Home library | Current library | Date acquired | Total Checkouts | Date last seen | Price effective from | Koha item type |
|---|---|---|---|---|---|---|---|---|---|
| College Library | College Library | 05/16/2017 | 05/16/2017 | 05/16/2017 | Foreign e-journal articles |